Fish Dishes - Sudden Death - Statistics

General Stats
  • This quiz has been taken 158 times
  • The average score is 4 of 16
Answers on the Grid
Answers color-coded by a green-red scale on the quiz's grid according to % correct below.
Sole meunière
Fish and chips
Bouillabaisse
Thieboudienne
Poke
Lox
Surströmming
Tekkamaki (sushi)
Salmon coulibiac
Bacalhau com natas
Ceviche
Caesar salad
Pissaladière
Cioppino
Cullen skink
Asam pedas
Yakitori
Tonkatsu
Tamagoyaki
Spaghetti alle vongole
Oysters Rockefeller
Moules marinières
Salade parisienne
Paella valenciana
Lobster Thermidor
Choripán
Hawaiian pizza
Stamppot
 
Answer Stats
Answer % Correct
Fish and chips
62%
Salmon coulibiac
42%
Tekkamaki (sushi)
42%
Ceviche
41%
Lox
41%
Poke
41%
Surströmming
31%
Bouillabaisse
29%
Sole meunière
26%
Bacalhau com natas
22%
Cullen skink
13%
Pissaladière
12%
Caesar salad
11%
Cioppino
11%
Thieboudienne
8%
Asam pedas
5%
No matching quizzes found
Score Distribution
Percent of People with Each Score
Percentile by Number Answered
Your Score History
You have not taken this quiz